| 000 | 00828cam a2200265 4500 | ||
|---|---|---|---|
| 001 | 1900510251 | ||
| 008 | 011112n2000 000 0 eng u | ||
| 035 | _a(Sirsi) u115550 | ||
| 041 | _aeng | ||
| 050 |
_a694.01 _c18 |
||
| 110 | _aTimber Research and Development Association | ||
| 245 |
_aTimber frame _bre-engineering for affordable housing |
||
| 260 |
_aHigh Wycombe _bTRADA _c2000 |
||
| 300 |
_a16p. _bill. _c30cm. |
||
| 350 | _a15 | ||
| 490 | _aTRADA Research Report | ||
| 520 | _aThis book aims to raise awareness of, and interest in, how timber frame can be used in affordable housing. | ||
| 650 | _aPREFABRICATION | ||
| 650 | _aTIMBER | ||
| 650 | _aTIMBER-FRAMED BUILDING | ||
| 650 | _aTIMBER-FRAMED HOUSING | ||
| 650 | _aTIMBER FRAMES | ||
| 690 | _aBUILT ENVIRONMENT-BUILDING MATERIALS | ||
| 942 | _n0 | ||
| 999 |
_c101761 _d101761 |
||